Design and implementation of "low-cost" antenna module for 1U Cubesat

Uložené v:
Podrobná bibliografia
Hlavný autor: Wágner, Roman (Autor)
Ďalší autori: Dzuriš, Michal (Vedúci práce)
Médium: Rukopis Kniha
Jazyk:Slovak
English
Vydavateľské údaje: Bratislava : STU v Bratislave FEI, 2025
Predmet:
On-line prístup:https://opac.crzp.sk/?fn=detailBiblioFormChildO1AGJF&sid=809C367C54749DCAA046ABFF7E5A&seo=CRZP-detail-kniha
Tagy: Pridať tag
Žiadne tagy, Buďte prvý, kto otaguje tento záznam!

MARC

LEADER 00000ntm a22000003a 4500
001 stuzp101108
003 SK-STU
005 20260323143612.5
007 ta
008 150427s2015----xo-----f-mn---000-0-slo-d
040 |a STU  |b slo 
041 0 |a eng 
044 |a xo 
100 1 |a Wágner, Roman  |u 034000  |4 aut  |U FEI Fakulta elektrotechniky a informatiky  |T FEI Ústav elektrotechniky  |X 111060  |U E040  |Y 550  |7 111060 
242 0 1 |a Návrh a implementácia low-cost anténneho modulu pre 1U CubeSat  |y slo 
245 1 0 |a Design and implementation of "low-cost" antenna module for 1U Cubesat 
260 |a Bratislava :  |b STU v Bratislave FEI,  |c 2025 
300 |a 85 s. 
650 4 |a low-cost  |2 eng 
650 4 |a antenna module  |2 eng 
650 4 |a development  |2 eng 
650 4 |a deployment mechanism  |2 eng 
650 4 |a CubeSat  |2 eng 
650 4 |a low-cost  |2 slo 
650 4 |a anténny modul  |2 slo 
650 4 |a CubeSat  |2 slo 
650 4 |a vývoj  |2 slo 
700 1 |a Dzuriš, Michal  |u 034000  |k Z3  |4 ths  |U FEI Fakulta elektrotechniky a informatiky  |T FEI Ústav elektrotechniky  |X 92398  |U E040  |Y 550  |7 92398 
856 4 |u https://opac.crzp.sk/?fn=detailBiblioFormChildO1AGJF&sid=809C367C54749DCAA046ABFF7E5A&seo=CRZP-detail-kniha